<?xml version="1.0" encoding="UTF-8"?><?xml-stylesheet type="text/xsl" href="static/style.xsl"?><OAI-PMH xmlns="http://www.openarchives.org/OAI/2.0/" xmlns:xsi="http://www.w3.org/2001/XMLSchema-instance" xsi:schemaLocation="http://www.openarchives.org/OAI/2.0/ http://www.openarchives.org/OAI/2.0/OAI-PMH.xsd"><responseDate>2026-06-01T16:20:16Z</responseDate><request verb="GetRecord" identifier="oai:riuma.uma.es:10630/39172" metadataPrefix="marc">https://riuma.uma.es/rest/oai/request</request><GetRecord><record><header><identifier>oai:riuma.uma.es:10630/39172</identifier><datestamp>2026-02-03T11:35:23Z</datestamp><setSpec>com_10630_2254</setSpec><setSpec>col_10630_37953</setSpec></header><metadata><record xmlns="http://www.loc.gov/MARC21/slim" xmlns:dcterms="http://purl.org/dc/terms/" xmlns:doc="http://www.lyncode.com/xoai" xmlns:xsi="http://www.w3.org/2001/XMLSchema-instance" xsi:schemaLocation="http://www.loc.gov/MARC21/slim http://www.loc.gov/standards/marcxml/schema/MARC21slim.xsd">
   <leader>00925njm 22002777a 4500</leader>
   <datafield ind2=" " ind1=" " tag="042">
      <subfield code="a">dc</subfield>
   </datafield>
   <datafield ind2=" " ind1=" " tag="720">
      <subfield code="a">Puerma-Bonilla, Javier</subfield>
      <subfield code="e">author</subfield>
   </datafield>
   <datafield ind2=" " ind1=" " tag="260">
      <subfield code="c">2021-06-25</subfield>
   </datafield>
   <datafield ind2=" " ind1=" " tag="520">
      <subfield code="a">Esta investigación trata de restaurar una parte importante de la&#xd;
historia de Santaella. Intentaremos demostrar, con base en los datos lexicográficos, históricos, literarios y testimoniales, que la tradición de considerar la triple&#xd;
identificación Alonso Colorado-guapo de Santaella-don Quijote en el capítulo&#xd;
XXII parece no tener fundamento científico. Este trabajo es especialmente interesante porque da cuenta de la enorme incidencia de la obra magna de Cervantes en la tradición popular</subfield>
   </datafield>
   <datafield ind1="8" ind2=" " tag="024">
      <subfield code="a">Puerma Bonilla, J. (2021). ¿Quién es el guapo ahora? Lexicografía histórica para una historia legendaria. Cervantes y Santaella. Boletín de la Real Academia Española, vol. 101, número 323, 293-322.</subfield>
   </datafield>
   <datafield ind1="8" ind2=" " tag="024">
      <subfield code="a">2445-0898</subfield>
   </datafield>
   <datafield ind1="8" ind2=" " tag="024">
      <subfield code="a">210-4822</subfield>
   </datafield>
   <datafield ind1="8" ind2=" " tag="024">
      <subfield code="a">https://revistas.rae.es/brae/article/view/469</subfield>
   </datafield>
   <datafield ind1="8" ind2=" " tag="024">
      <subfield code="a">https://hdl.handle.net/10630/39172</subfield>
   </datafield>
   <datafield tag="653" ind2=" " ind1=" ">
      <subfield code="a">Cervantes Saavedra, Miguel de (1547-1616) - Crítica e interpretación</subfield>
   </datafield>
   <datafield ind2="0" ind1="0" tag="245">
      <subfield code="a">¿Quién es el guapo ahora? Lexicografía histórica para una historia legendaria. Cervantes y Santaella</subfield>
   </datafield>
</record>
</metadata></record></GetRecord></OAI-PMH>